Statystyki dla W jakich państwach są dawne ziemie Polskie

Kliknij tutaj aby rozwiązać quiz!

Ogólne statystyki

  • Ten quiz został rozwiązany 588 razy
  • Średni wynik to 5 z 7

Statystyki odpowiedzi

HintOdpowiedź% Poprawnych
Pomorze PrzednieNiemcy
96%
SmoleskRosja
92%
Galicja (część)Ukraina
79%
InflantyŁotwa/estonia
75%
SpiszSłowacja
64%
Dzikie polaUkraina
61%
SemigaliaŁotwa
42%

Rozkład punktacji

Percentyl według liczby udzielonych odpowiedzi

Procent ludzi z każdym wynikiem

Twoja historia wyników

Nie rozwiązałeś tego quizu